| Tag |
First Indicator |
Second Indicator |
Subfields |
| LEADER |
00000cam a2200000Ia 4500 |
| 001 |
in00002508721 |
| 005 |
20211202192923.0 |
| 006 |
m d f |
| 007 |
cr bn||||||||| |
| 008 |
100128s1985 maua sb f000 0 eng d |
| 035 |
|
|
|a (OCoLC)ocn502244706
|
| 040 |
|
|
|a GPO
|c GPO
|d MvI
|d UtOrBLW
|
| 043 |
|
|
|a ln-----
|a n-usn--
|
| 049 |
|
|
|a WWW
|
| 074 |
|
|
|a 0208-C-04 (online)
|
| 086 |
0 |
|
|a C 55.13/2:NMFS F/NEC 38
|
| 245 |
0 |
4 |
|a The shelf/slope front south of Nantucket Shoals and Georges Bank as delineated by satellite infrared imagery and shipboard hydrographic and plankton observations /
|c J.B. Colton, Jr [and others].
|
| 264 |
|
1 |
|a Woods Hole, Mass. :
|b National Oceanic and Atmospheric Administration, National Marine Fisheries Service, Northeast Fisheries Center,
|c [1985]
|
| 300 |
|
|
|a 1 online resource (vi, 22 pages) :
|b digital, PDF file.
|
| 336 |
|
|
|a text
|b txt
|2 rdacontent
|
| 337 |
|
|
|a computer
|b c
|2 rdamedia
|
| 338 |
|
|
|a online resource
|b cr
|2 rdacarrier
|
| 490 |
1 |
|
|a NOAA technical memorandum NMFS-F/NEC ;
|v -38
|
| 500 |
|
|
|a Title from title screen (viewed Jan. 27, 2010).
|
| 500 |
|
|
|a "May 1985."
|
| 504 |
|
|
|a Includes bibliographical references (pages 7-8).
|
| 500 |
|
|
|a Electronic resource.
|
| 650 |
|
0 |
|a Plankton
|z Massachusetts
|z Nantucket Shoals
|v Observations.
|
| 650 |
|
0 |
|a Plankton
|z Georges Bank
|v Observations.
|
| 650 |
|
0 |
|a Oceanography
|z Massachusetts
|z Nantucket Shoals.
|
| 650 |
|
0 |
|a Oceanography
|z Georges Bank.
|
| 776 |
0 |
8 |
|i Paper version:
|t Shelf/slope front south of Nantucket Shoals and Georges Bank as delineated by satellie infrared imagery and shipboard hydrographic and plankton observations.
|h 22 [p.].
|w (OCoLC)12588167
|
| 700 |
1 |
|
|a Colton, John B.
|
| 710 |
2 |
|
|a Northeast Fisheries Center (U.S.)
|
| 830 |
|
0 |
|a NOAA technical memorandum NMFS-F/NEC ;
|v 38.
|
| 856 |
4 |
0 |
|u https://purl.fdlp.gov/GPO/LPS119047
|t 0
|
| 999 |
|
|
|a MARS
|
| 999 |
f |
f |
|s 7576c124-96a5-3524-b5dc-01f643c47657
|i 3530e314-c0b8-3612-805e-ddd9f21759c3
|t 0
|
| 952 |
f |
f |
|a Texas A&M University
|b College Station
|c Electronic Resources
|d Available Online
|t 0
|e C 55.13/2:NMFS F/NEC 38
|h Superintendent of Documents classification
|
| 998 |
f |
f |
|a C 55.13/2:NMFS F/NEC 38
|t 0
|l Available Online
|